| 000 | 00983 a2200193 4500 | ||
|---|---|---|---|
| 999 |
_c330778 _d330778 |
||
| 003 | NUST | ||
| 005 | 20170806151332.0 | ||
| 008 | 170806b xxu||||| |||| 00| 0 eng d | ||
| 020 | _a9693505182 | ||
| 020 | _a9789693505184 | ||
| 040 | _cNUST | ||
| 082 |
_a954.9143 _bBAH |
||
| 100 | 1 |
_aSyad, Muhammad Latif. _93769 |
|
| 245 | 1 | 0 |
_aLahore : _bits history, architectural remains and antiquities, with an account of its modern institutions, inhabitants, their trade, customs, and C. / _cMuhammad Latif Syad. |
| 260 |
_aLahore : _bSang-e-Meel Publications, _c2005. |
||
| 300 |
_a426 p. ; _c25 cm. |
||
| 500 | _aHardcover. | ||
| 856 | 4 | 0 |
_3Amazon.com _uhttp://www.amazon.com/exec/obidos/ASIN/9693505182/chopaconline-20 |
| 856 | 4 | 0 |
_3Amazon customer reviews _uhttp://www.chopac.org/cgi-bin/tools/azrev.pl?q=9693505182 |
| 942 |
_cBK _2ddc |
||